| 000 | 00357nam a22001337a 4500 | ||
|---|---|---|---|
| 003 | NUST | ||
| 005 | 20220930123250.0 | ||
| 020 | _a9789696521020 | ||
| 082 | _a297.55,AZI | ||
| 100 |
_aAziz, Muhammad _999078 |
||
| 245 |
_aSaltanat e Usmania : _bUrooj o Zawal Ki Mukammal Tareekh / _cDr Muhammad Aziz |
||
| 260 |
_aJumhoori Pub _bLahor _c2017 |
||
| 942 |
_2ddc _cBK |
||
| 999 |
_c591463 _d591463 |
||